Restructuring and Competitiveness in the Transition Process Evidence from an Eastern German Firm Panel

Gespeichert in:
Bibliographische Detailangaben
1. Verfasser: Gerling, Katja
Weitere Verfasser: Schmidt, Klaus-Dieter
Format: Buch
Sprache:Englisch
Veröffentlicht: Kiel Institut für Weltwirtschaft 1997
Schriftenreihe:Kiel Working Paper No. 791
Schlagworte:
Tags: Tag hinzufügen
Keine Tags, Fügen Sie das erste Tag hinzu!

MARC

LEADER 00000nam a2200000 4500
001 c019461
005 20250521093047.4
041 0 |a eng 
044 |a DE 
245 1 0 |a Restructuring and Competitiveness in the Transition Process  |b Evidence from an Eastern German Firm Panel  |c Katja Gerling, Klaus-Dieter Schmidt 
264 1 |a Kiel  |b Institut für Weltwirtschaft  |c 1997 
300 |a 37 s. 
490 1 |a Kiel Working Paper  |v No. 791 
830 0 |a Kiel Working Paper  |v No. 791 
610 2 0 |a hospodárstvo trhové 
610 2 0 |a reštrukturalizácia 
610 2 0 |a správanie hospodárske 
610 2 0 |a rast hospodársky 
610 2 0 |a vývoj hospodársky 
610 2 0 |a vývoj štruktúry hospodárskej 
610 2 0 |a hospodárstvo domáce 
610 2 0 |a Nemecko 
100 1 |a Gerling, Katja 
700 1 |a Schmidt, Klaus-Dieter